[Event "Masters Tournament (MTO)"]
[Site "Biel, CH"]
[Date "2025.07.19"]
[Round "6"]
[White "Hu, Yu A."]
[Black "Deshpande, Aniruddha"]
[Result "0-1"]
[Board "24"]
[WhiteFideId "8609993"]
[BlackFideId "5021774"]
[BlackTitle "FM"]
[WhiteElo "2079"]
[BlackElo "2263"]
[WhiteTeam "CHN"]
[BlackTeam "IND"]
[WhiteClock "0:04:19"]
[BlackClock "0:29:42"]
[Variant "Standard"]

1. e4 {[%clk 1:40:44]}  c5 {[%clk 1:39:41]} 2. Nf3 {[%clk 1:40:21]}  a6 {[%clk 1:40:01]} 3. c4 {[%clk 1:32:57]}  Nc6 {[%clk 1:39:24]} 4. d4 {[%clk 1:33:17]}  cxd4 {[%clk 1:38:57]} 5. Nxd4 {[%clk 1:33:42]}  e6 {[%clk 1:37:46]} 6. Nc3 {[%clk 1:33:31]}  Qb6 {[%clk 1:34:41]} 7. Nb3 {[%clk 1:22:03]}  Nf6 {[%clk 1:33:48]} 8. a3 {[%clk 1:10:43]}  Qc7 {[%clk 1:31:42]} 9. Be2 {[%clk 1:12:21]}  b6 {[%clk 1:25:45]} 10. O-O {[%clk 1:11:34]}  Bb7 {[%clk 1:20:23]} 11. Be3 {[%clk 1:06:12]}  Ne5 {[%clk 1:15:26]} 12. f3 {[%clk 1:06:15]}  d6 {[%clk 1:11:31]} 13. Rc1 {[%clk 1:05:02]}  Be7 {[%clk 1:11:22]} 14. Nd2 {[%clk 0:57:45]}  O-O {[%clk 1:08:10]} 15. b4 {[%clk 0:57:49]}  Rac8 {[%clk 1:08:16]} 16. Qe1 {[%clk 0:55:37]}  Ned7 {[%clk 0:55:22]} 17. Qf2 {[%clk 0:39:47]}  Bd8 {[%clk 0:53:57]} 18. Nb3 {[%clk 0:39:46]}  Qb8 {[%clk 0:50:47]} 19. g4 {[%clk 0:27:35]}  Ne5 {[%clk 0:38:38]} 20. g5 {[%clk 0:25:23]}  Nfd7 {[%clk 0:38:30]} 21. Nd2 {[%clk 0:25:29]}  f6 {[%clk 0:36:56]} 22. h4 {[%clk 0:24:51]}  fxg5 {[%clk 0:36:43]} 23. Bxg5 {[%clk 0:25:11]}  Bxg5 {[%clk 0:35:14]} 24. hxg5 {[%clk 0:25:39]}  Ng6 {[%clk 0:34:56]} 25. Qh2 {[%clk 0:24:01]}  Nf4 {[%clk 0:34:52]} 26. Kf2 {[%clk 0:24:14]}  g6 {[%clk 0:33:49]} 27. Rh1 {[%clk 0:23:13]}  Rf7 {[%clk 0:25:15]} 28. Rcg1 {[%clk 0:11:51]}  Ne5 {[%clk 0:31:16]} 29. Qh6 {[%clk 0:06:14]}  b5 {[%clk 0:30:12]} 30. Rh4 {[%clk 0:06:14]}  Qa7+ {[%clk 0:29:40]} 31. c5 {[%clk 0:05:24]}  dxc5 {[%clk 0:29:51]} 32. Rgh1 {[%clk 0:04:01]}  cxb4+ {[%clk 0:30:00]} 33. Kg3 {[%clk 0:04:19]}  Qe3 {[%clk 0:29:42]} 0-1

[Event "Masters Tournament (MTO)"]
[Site "Biel, CH"]
[Date "2025.07.19"]
[Round "6"]
[White "Chen, Zhi"]
[Black "Kwiatkowski, Jakub"]
[Result "1/2-1/2"]
[Board "25"]
[WhiteFideId "8619549"]
[BlackFideId "1348736"]
[WhiteElo "2246"]
[BlackElo "2034"]
[WhiteTeam "CHN"]
[BlackTeam "SUI"]
[WhiteClock "0:44:14"]
[BlackClock "0:21:41"]
[Variant "Standard"]

1. d4 {[%clk 1:40:55]}  Nf6 {[%clk 1:40:51]} 2. c4 {[%clk 1:41:18]}  e6 {[%clk 1:41:10]} 3. Nf3 {[%clk 1:41:34]}  Bb4+ {[%clk 1:41:33]} 4. Nbd2 {[%clk 1:41:26]}  b6 {[%clk 1:41:47]} 5. e3 {[%clk 1:40:49]}  Bb7 {[%clk 1:42:02]} 6. Bd3 {[%clk 1:40:56]}  O-O {[%clk 1:41:39]} 7. O-O {[%clk 1:41:10]}  d5 {[%clk 1:40:06]} 8. Qc2 {[%clk 1:37:46]}  Nbd7 {[%clk 1:38:48]} 9. e4 {[%clk 1:34:51]}  Bxd2 {[%clk 1:28:49]} 10. Nxd2 {[%clk 1:35:14]}  dxe4 {[%clk 1:29:06]} 11. Nxe4 {[%clk 1:35:39]}  Nxe4 {[%clk 1:29:25]} 12. Bxe4 {[%clk 1:36:06]}  Bxe4 {[%clk 1:29:44]} 13. Qxe4 {[%clk 1:36:32]}  c5 {[%clk 1:27:02]} 14. Be3 {[%clk 1:35:07]}  Rc8 {[%clk 1:16:06]} 15. b3 {[%clk 1:33:28]}  Re8 {[%clk 1:08:03]} 16. Rad1 {[%clk 1:30:42]}  cxd4 {[%clk 0:44:52]} 17. Bxd4 {[%clk 1:16:37]}  Qc7 {[%clk 0:41:25]} 18. Rfe1 {[%clk 1:14:41]}  Nc5 {[%clk 0:33:54]} 19. Qg4 {[%clk 1:12:29]}  f5 {[%clk 0:30:06]} 20. Qe2 {[%clk 1:12:28]}  Qf7 {[%clk 0:24:17]} 21. Qe5 {[%clk 1:10:13]}  Ne4 {[%clk 0:23:27]} 22. f3 {[%clk 1:00:13]}  Nf6 {[%clk 0:22:01]} 23. Bb2 {[%clk 1:00:18]}  Rcd8 {[%clk 0:20:50]} 24. Rxd8 {[%clk 0:59:35]}  Rxd8 {[%clk 0:21:11]} 25. Qxe6 {[%clk 0:59:50]}  Qxe6 {[%clk 0:18:02]} 26. Rxe6 {[%clk 1:00:16]}  Nh5 {[%clk 0:18:08]} 27. Re7 {[%clk 0:45:44]}  Rd2 {[%clk 0:14:07]} 28. Be5 {[%clk 0:46:06]}  Rxa2 {[%clk 0:12:50]} 29. b4 {[%clk 0:45:08]}  Rc2 {[%clk 0:11:56]} 30. Rc7 {[%clk 0:43:52]}  a5 {[%clk 0:11:02]} 31. c5 {[%clk 0:42:38]}  bxc5 {[%clk 0:08:27]} 32. bxa5 {[%clk 0:42:56]}  Rc1+ {[%clk 0:08:29]} 33. Kf2 {[%clk 0:43:18]}  Rc2+ {[%clk 0:08:52]} 34. Kf1 {[%clk 0:42:03]}  Ra2 {[%clk 0:06:10]} 35. Rxc5 {[%clk 0:41:46]}  Kf7 {[%clk 0:06:29]} 36. Rc7+ {[%clk 0:37:37]}  Ke6 {[%clk 0:06:01]} 37. Bxg7 {[%clk 0:37:41]}  Rxa5 {[%clk 0:06:07]} 38. Bc3 {[%clk 0:37:53]}  Ra2 {[%clk 0:04:52]} 39. Rxh7 {[%clk 0:35:30]}  Nf4 {[%clk 0:05:11]} 40. Rg7 {[%clk 0:34:50]}  Rc2 {[%clk 0:01:31]} 41. Be1 {[%clk 0:32:13]}  Rc1 {[%clk 0:00:36]} 42. Rg8 {[%clk 0:30:01]}  Ke7 {[%clk 0:26:19]} 43. Rg7+ {[%clk 0:57:02]}  Ke6 {[%clk 0:26:31]} 44. h4 {[%clk 0:54:38]}  Nd3 {[%clk 0:26:24]} 45. Ke2 {[%clk 0:55:04]}  Nxe1 {[%clk 0:26:18]} 46. h5 {[%clk 0:55:28]}  Nxg2 {[%clk 0:19:54]} 47. Rxg2 {[%clk 0:55:27]}  Rh1 {[%clk 0:20:17]} 48. Rg5 {[%clk 0:55:23]}  Kf6 {[%clk 0:20:37]} 49. f4 {[%clk 0:55:48]}  Rh4 {[%clk 0:20:33]} 50. Kf3 {[%clk 0:56:11]}  Rh1 {[%clk 0:20:04]} 51. Kg2 {[%clk 0:56:21]}  Rh4 {[%clk 0:20:26]} 52. Kg3 {[%clk 0:56:35]}  Rh1 {[%clk 0:20:48]} 53. Rg6+ {[%clk 0:54:46]}  Kf7 {[%clk 0:20:24]} 54. Rg5 {[%clk 0:54:36]}  Kf6 {[%clk 0:21:33]} 55. Kf3 {[%clk 0:55:00]}  Rh3+ {[%clk 0:21:50]} 56. Ke2 {[%clk 0:55:25]}  Ke6 {[%clk 0:21:29]} 57. Kf2 {[%clk 0:44:14]}  Kf6 {[%clk 0:21:41]} 1/2-1/2

[Event "Masters Tournament (MTO)"]
[Site "Biel, CH"]
[Date "2025.07.19"]
[Round "6"]
[White "Saxena, Vihaan"]
[Black "Rappazzo, Johannes"]
[Result "1-0"]
[Board "26"]
[WhiteFideId "30997780"]
[BlackFideId "1340069"]
[BlackTitle "FM"]
[WhiteElo "2031"]
[BlackElo "2213"]
[WhiteTeam "USA"]
[BlackTeam "SUI"]
[WhiteClock "0:20:55"]
[BlackClock "0:01:33"]
[Variant "Standard"]

1. d4 {[%clk 1:40:53]}  Nf6 {[%clk 1:40:55]} 2. c4 {[%clk 1:41:06]}  g6 {[%clk 1:41:22]} 3. g3 {[%clk 1:41:18]}  Bg7 {[%clk 1:41:47]} 4. Bg2 {[%clk 1:41:23]}  O-O {[%clk 1:42:12]} 5. Nc3 {[%clk 1:41:39]}  d6 {[%clk 1:42:38]} 6. Nf3 {[%clk 1:41:58]}  c5 {[%clk 1:43:03]} 7. dxc5 {[%clk 1:42:17]}  dxc5 {[%clk 1:43:27]} 8. Qxd8 {[%clk 1:42:24]}  Rxd8 {[%clk 1:43:51]} 9. Be3 {[%clk 1:42:46]}  Nc6 {[%clk 1:27:54]} 10. Bxc5 {[%clk 1:42:49]}  Be6 {[%clk 1:28:14]} 11. Nd2 {[%clk 1:42:18]}  Rac8 {[%clk 0:58:07]} 12. Bxc6 {[%clk 1:31:35]}  Rxc6 {[%clk 0:58:30]} 13. Bxe7 {[%clk 1:31:22]}  Rd7 {[%clk 0:52:15]} 14. Bxf6 {[%clk 1:23:39]}  Bxf6 {[%clk 0:52:40]} 15. O-O-O {[%clk 1:05:30]}  Rdc7 {[%clk 0:40:26]} 16. Nde4 {[%clk 0:58:11]}  Be7 {[%clk 0:22:26]} 17. b3 {[%clk 0:49:47]}  a6 {[%clk 0:16:35]} 18. Nd5 {[%clk 0:41:40]}  Bxd5 {[%clk 0:13:20]} 19. Rxd5 {[%clk 0:42:02]}  Re6 {[%clk 0:11:55]} 20. Rd4 {[%clk 0:33:53]}  f5 {[%clk 0:04:22]} 21. Nc3 {[%clk 0:33:18]}  Bc5 {[%clk 0:02:57]} 22. Rd8+ {[%clk 0:32:18]}  Kg7 {[%clk 0:01:12]} 23. Nd5 {[%clk 0:32:06]}  Rcc6 {[%clk 0:00:46]} 24. e3 {[%clk 0:31:58]}  b5 {[%clk 0:01:12]} 25. Kd2 {[%clk 0:30:59]}  bxc4 {[%clk 0:01:14]} 26. bxc4 {[%clk 0:31:23]}  Re4 {[%clk 0:01:10]} 27. Kd3 {[%clk 0:30:58]}  Ba3 {[%clk 0:01:10]} 28. Rd7+ {[%clk 0:31:17]}  Kh6 {[%clk 0:01:18]} 29. Rb1 {[%clk 0:27:11]}  Rexc4 {[%clk 0:01:01]} 30. Rbb7 {[%clk 0:27:23]}  Rc1 {[%clk 0:00:39]} 31. h4 {[%clk 0:23:40]}  Kh5 {[%clk 0:01:03]} 32. f3 {[%clk 0:23:50]}  g5 {[%clk 0:01:28]} 33. Rxh7+ {[%clk 0:23:05]}  Rh6 {[%clk 0:01:53]} 34. Nf6+ {[%clk 0:20:30]}  Kg6 {[%clk 0:02:18]} 35. Rxh6+ {[%clk 0:20:29]}  Kxh6 {[%clk 0:01:33]} 36. h5 {[%clk 0:20:55]} 1-0

[Event "Masters Tournament (MTO)"]
[Site "Biel, CH"]
[Date "2025.07.19"]
[Round "6"]
[White "Talwalkar, Vedant"]
[Black "Harish, Neeraj"]
[Result "1-0"]
[Board "27"]
[WhiteFideId "30962498"]
[BlackFideId "30958130"]
[WhiteTitle "FM"]
[BlackTitle "CM"]
[WhiteElo "2014"]
[BlackElo "2212"]
[WhiteTeam "USA"]
[BlackTeam "USA"]
[WhiteClock "0:22:46"]
[BlackClock "0:05:41"]
[Variant "Standard"]

1. Nf3 {[%clk 1:40:47]}  d5 {[%clk 1:40:28]} 2. e3 {[%clk 1:41:10]}  Nf6 {[%clk 1:40:42]} 3. c4 {[%clk 1:41:31]}  e6 {[%clk 1:39:49]} 4. b3 {[%clk 1:41:54]}  Be7 {[%clk 1:40:10]} 5. Bb2 {[%clk 1:42:15]}  O-O {[%clk 1:40:23]} 6. Nc3 {[%clk 1:42:35]}  b6 {[%clk 1:39:26]} 7. cxd5 {[%clk 1:42:51]}  exd5 {[%clk 1:39:46]} 8. d4 {[%clk 1:42:27]}  Bb7 {[%clk 1:39:49]} 9. Bd3 {[%clk 1:43:08]}  Nbd7 {[%clk 1:39:55]} 10. O-O {[%clk 1:42:59]}  Re8 {[%clk 1:35:48]} 11. Ne5 {[%clk 1:37:14]}  a6 {[%clk 1:32:30]} 12. f4 {[%clk 1:37:15]}  Bd6 {[%clk 1:32:58]} 13. Qf3 {[%clk 1:33:18]}  c5 {[%clk 1:13:23]} 14. g4 {[%clk 1:15:30]}  cxd4 {[%clk 1:05:46]} 15. exd4 {[%clk 1:24:42]}  Ne4 {[%clk 1:04:23]} 16. Nxe4 {[%clk 1:19:58]}  dxe4 {[%clk 1:04:44]} 17. Bxe4 {[%clk 1:20:22]}  Bxe4 {[%clk 1:05:05]} 18. Qxe4 {[%clk 1:20:46]}  Nf6 {[%clk 1:04:51]} 19. Qf3 {[%clk 1:20:28]}  Bf8 {[%clk 0:57:58]} 20. g5 {[%clk 1:06:04]}  Nd5 {[%clk 1:01:53]} 21. Rac1 {[%clk 0:59:13]}  a5 {[%clk 0:54:47]} 22. a4 {[%clk 1:00:12]}  Bb4 {[%clk 0:51:45]} 23. Rf2 {[%clk 0:39:00]}  Rf8 {[%clk 0:33:53]} 24. Rg2 {[%clk 0:33:32]}  f6 {[%clk 0:29:27]} 25. gxf6 {[%clk 0:51:57]}  Rxf6 {[%clk 0:29:44]} 26. f5 {[%clk 0:48:36]}  Rd6 {[%clk 0:23:16]} 27. Kh1 {[%clk 0:38:15]}  Qf8 {[%clk 0:19:30]} 28. Rcg1 {[%clk 0:40:11]}  Ra7 {[%clk 0:19:01]} 29. Bc1 {[%clk 0:23:49]}  Nc3 {[%clk 0:12:16]} 30. Bd2 {[%clk 0:22:20]}  Nd5 {[%clk 0:08:09]} 31. Nc4 {[%clk 0:22:01]}  Rdd7 {[%clk 0:07:17]} 32. Bh6 {[%clk 0:21:43]}  Qa8 {[%clk 0:06:32]} 33. f6 {[%clk 0:20:49]}  Bf8 {[%clk 0:04:40]} 34. Ne5 {[%clk 0:21:02]}  Rdc7 {[%clk 0:04:34]} 35. fxg7 {[%clk 0:21:08]}  Bxg7 {[%clk 0:04:43]} 36. Bxg7 {[%clk 0:21:34]}  Rxg7 {[%clk 0:04:53]} 37. Rxg7+ {[%clk 0:21:57]}  Rxg7 {[%clk 0:05:16]} 38. Qf7+ {[%clk 0:22:20]}  Kh8 {[%clk 0:05:41]} 39. Qxg7# {[%clk 0:22:46]} 1-0

[Event "Masters Tournament (MTO)"]
[Site "Biel, CH"]
[Date "2025.07.19"]
[Round "6"]
[White "Anetov, Amirzhan"]
[Black "Ho, Carter"]
[Result "1-0"]
[Board "28"]
[WhiteFideId "13784951"]
[BlackFideId "30965292"]
[BlackTitle "CM"]
[WhiteElo "1993"]
[BlackElo "2208"]
[WhiteTeam "KAZ"]
[BlackTeam "USA"]
[WhiteClock "0:14:12"]
[BlackClock "0:31:18"]
[Variant "Standard"]

1. e4 {[%clk 1:40:58]}  c5 {[%clk 1:40:52]} 2. Nf3 {[%clk 1:41:24]}  e6 {[%clk 1:41:11]} 3. d4 {[%clk 1:41:51]}  cxd4 {[%clk 1:41:34]} 4. Nxd4 {[%clk 1:42:18]}  Nf6 {[%clk 1:41:51]} 5. Nc3 {[%clk 1:42:43]}  Nc6 {[%clk 1:42:13]} 6. Nxc6 {[%clk 1:43:07]}  bxc6 {[%clk 1:42:28]} 7. e5 {[%clk 1:43:33]}  Nd5 {[%clk 1:42:02]} 8. Ne4 {[%clk 1:43:35]}  Qc7 {[%clk 1:42:53]} 9. f4 {[%clk 1:44:00]}  Qb6 {[%clk 1:41:28]} 10. c4 {[%clk 1:44:23]}  Bb4+ {[%clk 1:40:53]} 11. Ke2 {[%clk 1:44:00]}  f5 {[%clk 1:40:57]} 12. exf6 {[%clk 1:45:12]}  Nxf6 {[%clk 1:41:19]} 13. Be3 {[%clk 1:44:06]}  Qd8 {[%clk 1:40:27]} 14. Nd6+ {[%clk 1:45:58]}  Bxd6 {[%clk 1:40:07]} 15. Qxd6 {[%clk 1:30:20]}  Qe7 {[%clk 1:39:11]} 16. Bc5 {[%clk 1:25:58]}  Qxd6 {[%clk 1:21:29]} 17. Bxd6 {[%clk 1:24:42]}  Ne4 {[%clk 1:19:31]} 18. Ba3 {[%clk 1:17:48]}  d5 {[%clk 1:12:05]} 19. Ke3 {[%clk 1:12:54]}  a5 {[%clk 1:10:23]} 20. Rc1 {[%clk 1:08:42]}  Bb7 {[%clk 1:04:24]} 21. f5 {[%clk 1:26:52]}  exf5 {[%clk 1:07:09]} 22. cxd5 {[%clk 1:27:20]}  Kd7 {[%clk 0:49:18]} 23. Bc4 {[%clk 1:10:46]}  c5 {[%clk 0:39:37]} 24. g4 {[%clk 1:02:43]}  Nd6 {[%clk 0:42:06]} 25. Bxc5 {[%clk 0:52:49]}  Rhe8+ {[%clk 0:39:11]} 26. Kd3 {[%clk 0:46:03]}  Nxc4 {[%clk 0:32:49]} 27. Kxc4 {[%clk 0:53:35]}  Re4+ {[%clk 0:27:02]} 28. Kb5 {[%clk 0:39:54]}  fxg4 {[%clk 0:14:11]} 29. Rhe1 {[%clk 0:36:36]}  Ba6+ {[%clk 0:05:45]} 30. Kb6 {[%clk 0:31:14]}  Be2 {[%clk 0:13:56]} 31. Ba3 {[%clk 0:27:51]}  Rb8+ {[%clk 0:13:49]} 32. Ka7 {[%clk 0:22:43]}  Ree8 {[%clk 0:01:00]} 33. d6 {[%clk 0:11:00]}  Ra8+ {[%clk 0:11:03]} 34. Kb6 {[%clk 0:07:47]}  Re5 {[%clk 0:08:04]} 35. Rc7+ {[%clk 0:09:54]}  Kd8 {[%clk 0:04:54]} 36. Bc5 {[%clk 0:06:02]}  Ra6+ {[%clk 0:07:19]} 37. Kb7 {[%clk 0:06:28]}  Rxd6 {[%clk 0:06:40]} 38. Rxe2 {[%clk 0:05:00]}  Rxe2 {[%clk 0:07:34]} 39. Bxd6 {[%clk 0:05:42]}  Rxb2+ {[%clk 0:07:58]} 40. Ka6 {[%clk 0:04:20]}  Rxa2 {[%clk 0:06:29]} 41. Rxg7 {[%clk 0:03:43]}  h5 {[%clk 0:05:28]} 42. Rg5 {[%clk 0:05:57]}  Kd7 {[%clk 0:01:43]} 43. Bb8 {[%clk 0:01:50]}  a4 {[%clk 0:34:37]} 44. Rxh5 {[%clk 0:26:33]}  a3 {[%clk 0:29:58]} 45. Bg3 {[%clk 0:21:25]}  Rb2 {[%clk 0:28:37]} 46. Rd5+ {[%clk 0:18:33]}  Kc6 {[%clk 0:33:49]} 47. Rd1 {[%clk 0:18:57]}  a2 {[%clk 0:33:21]} 48. Ra1 {[%clk 0:19:20]}  Kd5 {[%clk 0:29:40]} 49. Ka5 {[%clk 0:18:21]}  Ke4 {[%clk 0:28:49]} 50. Ka4 {[%clk 0:19:09]}  Rd2 {[%clk 0:23:10]} 51. Ka3 {[%clk 0:13:53]}  Rd3+ {[%clk 0:29:05]} 52. Kxa2 {[%clk 0:14:17]}  Rxg3 {[%clk 0:29:26]} 53. hxg3 {[%clk 0:14:45]}  Kf3 {[%clk 0:28:12]} 54. Kb2 {[%clk 0:12:24]}  Kxg3 {[%clk 0:27:53]} 55. Ra8 {[%clk 0:11:41]}  Kf2 {[%clk 0:30:19]} 56. Rf8 {[%clk 0:11:24]}  Ke2 {[%clk 0:29:41]} 57. Rg8 {[%clk 0:11:15]}  Kf3 {[%clk 0:30:01]} 58. Kc2 {[%clk 0:12:54]}  g3 {[%clk 0:30:27]} 59. Kd2 {[%clk 0:13:22]}  Kf2 {[%clk 0:30:52]} 60. Rf8 {[%clk 0:13:48]}  Kg2 {[%clk 0:31:18]} 61. Ke2 {[%clk 0:14:12]} 1-0

[Event "Masters Tournament (MTO)"]
[Site "Biel, CH"]
[Date "2025.07.19"]
[Round "6"]
[White "Snodgrass, Benjamin"]
[Black "Aditya Varun Gampa"]
[Result "0-1"]
[Board "29"]
[WhiteFideId "30915422"]
[BlackFideId "45066183"]
[BlackTitle "FM"]
[WhiteElo "1964"]
[BlackElo "2187"]
[WhiteTeam "USA"]
[BlackTeam "IND"]
[WhiteClock "0:10:36"]
[BlackClock "1:14:11"]
[Variant "Standard"]

1. e4 {[%clk 1:40:58]}  c5 {[%clk 1:33:59]} 2. Nf3 {[%clk 1:41:20]}  d6 {[%clk 1:34:20]} 3. Bd3 {[%clk 1:41:43]}  Nc6 {[%clk 1:33:54]} 4. c3 {[%clk 1:42:04]}  Nf6 {[%clk 1:34:17]} 5. Bc2 {[%clk 1:42:02]}  Bg4 {[%clk 1:34:37]} 6. d3 {[%clk 1:42:24]}  e6 {[%clk 1:34:56]} 7. Nbd2 {[%clk 1:34:59]}  d5 {[%clk 1:31:28]} 8. Qe2 {[%clk 1:36:57]}  Qc7 {[%clk 1:29:49]} 9. h3 {[%clk 1:33:50]}  Bh5 {[%clk 1:30:11]} 10. O-O {[%clk 1:22:44]}  Be7 {[%clk 1:30:22]} 11. Re1 {[%clk 1:17:53]}  O-O-O {[%clk 1:29:00]} 12. e5 {[%clk 1:01:27]}  Nd7 {[%clk 1:28:58]} 13. g4 {[%clk 1:01:54]}  Bg6 {[%clk 1:29:20]} 14. Ba4 {[%clk 1:00:48]}  h5 {[%clk 1:27:56]} 15. d4 {[%clk 0:55:38]}  hxg4 {[%clk 1:27:29]} 16. hxg4 {[%clk 0:50:12]}  Rh3 {[%clk 1:20:46]} 17. b3 {[%clk 0:51:23]}  Rdh8 {[%clk 1:20:04]} 18. Bb2 {[%clk 0:43:30]}  Nf6 {[%clk 1:15:38]} 19. Bxc6 {[%clk 0:44:27]}  bxc6 {[%clk 1:14:15]} 20. Qa6+ {[%clk 0:27:49]}  Kb8 {[%clk 1:14:21]} 21. exf6 {[%clk 0:18:10]}  Qf4 {[%clk 1:14:11]} 22. Qf1 {[%clk 0:10:36]}  Rh1+ {[%clk 1:14:11]} 0-1

[Event "Masters Tournament (MTO)"]
[Site "Biel, CH"]
[Date "2025.07.19"]
[Round "6"]
[White "Vemparala, Nikash"]
[Black "Gao, Kai"]
[Result "1/2-1/2"]
[Board "30"]
[WhiteFideId "30960967"]
[BlackFideId "8607770"]
[WhiteTitle "CM"]
[WhiteElo "2187"]
[BlackElo "1906"]
[WhiteTeam "USA"]
[BlackTeam "CHN"]
[WhiteClock "0:43:48"]
[BlackClock "0:17:58"]
[Variant "Standard"]

1. c4 {[%clk 1:40:44]}  e6 {[%clk 1:40:45]} 2. g3 {[%clk 1:40:51]}  d5 {[%clk 1:41:08]} 3. Bg2 {[%clk 1:41:17]}  Nf6 {[%clk 1:41:26]} 4. Nf3 {[%clk 1:41:40]}  Be7 {[%clk 1:40:15]} 5. O-O {[%clk 1:41:54]}  O-O {[%clk 1:40:38]} 6. d3 {[%clk 1:41:00]}  c6 {[%clk 1:38:29]} 7. Bf4 {[%clk 1:39:41]}  b6 {[%clk 1:29:43]} 8. Qc2 {[%clk 1:31:48]}  Bb7 {[%clk 1:13:08]} 9. e4 {[%clk 1:24:33]}  Nbd7 {[%clk 1:12:11]} 10. e5 {[%clk 1:18:14]}  Nh5 {[%clk 1:03:28]} 11. Bd2 {[%clk 1:20:13]}  g6 {[%clk 1:03:51]} 12. Re1 {[%clk 1:20:04]}  Ng7 {[%clk 0:59:19]} 13. Nc3 {[%clk 1:18:01]}  Nf5 {[%clk 0:58:39]} 14. g4 {[%clk 1:16:27]}  Nh4 {[%clk 0:58:38]} 15. Nxh4 {[%clk 1:16:25]}  Bxh4 {[%clk 0:59:02]} 16. cxd5 {[%clk 1:10:34]}  cxd5 {[%clk 0:51:43]} 17. Bh6 {[%clk 1:07:07]}  Re8 {[%clk 0:52:06]} 18. Bf4 {[%clk 1:06:29]}  f6 {[%clk 0:44:14]} 19. d4 {[%clk 0:59:34]}  fxe5 {[%clk 0:40:44]} 20. dxe5 {[%clk 0:59:50]}  Rf8 {[%clk 0:40:31]} 21. Bg3 {[%clk 0:57:31]}  Bxg3 {[%clk 0:38:30]} 22. hxg3 {[%clk 0:57:48]}  Rc8 {[%clk 0:36:18]} 23. Qd2 {[%clk 0:56:34]}  Nc5 {[%clk 0:25:51]} 24. Rad1 {[%clk 0:51:25]}  Qe7 {[%clk 0:25:52]} 25. b4 {[%clk 0:48:33]}  Na6 {[%clk 0:17:05]} 26. a3 {[%clk 0:47:20]}  Nc7 {[%clk 0:17:22]} 27. Rc1 {[%clk 0:44:26]}  Rcd8 {[%clk 0:16:21]} 28. Ne2 {[%clk 0:44:07]}  Nb5 {[%clk 0:14:53]} 29. a4 {[%clk 0:43:39]}  Na3 {[%clk 0:15:13]} 30. Nd4 {[%clk 0:41:49]}  Rc8 {[%clk 0:14:59]} 31. b5 {[%clk 0:40:13]}  Rxc1 {[%clk 0:15:03]} 32. Rxc1 {[%clk 0:39:12]}  Nc4 {[%clk 0:14:28]} 33. Qe2 {[%clk 0:38:30]}  Qa3 {[%clk 0:13:57]} 34. Qe1 {[%clk 0:35:39]}  Bc8 {[%clk 0:14:03]} 35. Ra1 {[%clk 0:33:04]}  Qb2 {[%clk 0:13:58]} 36. Nc6 {[%clk 0:31:58]}  Bd7 {[%clk 0:10:43]} 37. Rb1 {[%clk 0:31:20]}  Qa2 {[%clk 0:10:32]} 38. Nb4 {[%clk 0:28:41]}  Qd2 {[%clk 0:04:09]} 39. Qxd2 {[%clk 0:25:40]}  Nxd2 {[%clk 0:04:37]} 40. Rc1 {[%clk 0:26:04]}  Nc4 {[%clk 0:04:21]} 41. Nxd5 {[%clk 0:25:05]}  Nxe5 {[%clk 0:04:44]} 42. Ne3 {[%clk 0:25:10]}  Rc8 {[%clk 0:04:23]} 43. Rxc8+ {[%clk 0:25:23]}  Bxc8 {[%clk 0:04:52]} 44. f4 {[%clk 0:25:47]}  Nd3 {[%clk 0:04:05]} 45. Nc4 {[%clk 0:26:09]}  Kf8 {[%clk 0:27:49]} 46. Be4 {[%clk 0:55:20]}  Nc5 {[%clk 0:28:03]} 47. Bc2 {[%clk 0:55:45]}  Ke7 {[%clk 0:27:45]} 48. Kf2 {[%clk 0:55:49]}  Bb7 {[%clk 0:25:24]} 49. Ke3 {[%clk 0:55:04]}  Bd5 {[%clk 0:24:35]} 50. Ne5 {[%clk 0:52:55]}  Kd6 {[%clk 0:17:50]} 51. Nf7+ {[%clk 0:50:16]}  Ke7 {[%clk 0:18:16]} 52. Ne5 {[%clk 0:49:05]}  Kd6 {[%clk 0:18:43]} 53. Kd4 {[%clk 0:48:32]}  Nb3+ {[%clk 0:18:08]} 54. Kc3 {[%clk 0:48:36]}  Nc5 {[%clk 0:18:34]} 55. Kb4 {[%clk 0:45:06]}  Be4 {[%clk 0:16:40]} 56. Bd1 {[%clk 0:43:22]}  Nd3+ {[%clk 0:16:57]} 57. Nxd3 {[%clk 0:43:46]}  Bxd3 {[%clk 0:17:25]} 58. Kc3 {[%clk 0:44:09]}  Bb1 {[%clk 0:17:48]} 59. Kd4 {[%clk 0:44:32]}  h6 {[%clk 0:17:58]} 60. Bb3 {[%clk 0:43:48]} 1/2-1/2

[Event "Masters Tournament (MTO)"]
[Site "Biel, CH"]
[Date "2025.07.19"]
[Round "6"]
[White "Chen, Jun-Wei"]
[Black "Yash Abhijit Patil"]
[Result "1-0"]
[Board "31"]
[WhiteFideId "16304128"]
[BlackFideId "25602110"]
[WhiteElo "1906"]
[BlackElo "2186"]
[WhiteTeam "TPE"]
[BlackTeam "IND"]
[WhiteClock "1:17:37"]
[BlackClock "1:07:31"]
[Variant "Standard"]

1. e4 {[%clk 1:40:55]}  e6 {[%clk 1:40:23]} 2. d4 {[%clk 1:41:13]}  d5 {[%clk 1:40:46]} 3. Nc3 {[%clk 1:41:34]}  dxe4 {[%clk 1:39:39]} 4. Nxe4 {[%clk 1:41:56]}  Bd7 {[%clk 1:39:44]} 5. Nf3 {[%clk 1:40:53]}  Bc6 {[%clk 1:39:57]} 6. Bd3 {[%clk 1:40:07]}  Nd7 {[%clk 1:39:53]} 7. O-O {[%clk 1:37:48]}  Ngf6 {[%clk 1:39:51]} 8. Qe2 {[%clk 1:37:22]}  Be7 {[%clk 1:39:31]} 9. c3 {[%clk 1:36:56]}  O-O {[%clk 1:37:54]} 10. Re1 {[%clk 1:33:31]}  Nxe4 {[%clk 1:34:41]} 11. Bxe4 {[%clk 1:33:58]}  Bxe4 {[%clk 1:34:53]} 12. Qxe4 {[%clk 1:34:25]}  c6 {[%clk 1:35:06]} 13. Qe2 {[%clk 1:26:24]}  Qa5 {[%clk 1:30:42]} 14. Bf4 {[%clk 1:30:15]}  Qf5 {[%clk 1:29:17]} 15. Bg3 {[%clk 1:27:37]}  Rac8 {[%clk 1:26:54]} 16. Rad1 {[%clk 1:27:13]}  Rfd8 {[%clk 1:24:54]} 17. h3 {[%clk 1:24:59]}  Bf6 {[%clk 1:20:09]} 18. Be5 {[%clk 1:22:34]}  Bxe5 {[%clk 1:15:07]} 19. Nxe5 {[%clk 1:22:26]}  Nf6 {[%clk 1:14:48]} 20. Rd3 {[%clk 1:21:24]}  Rc7 {[%clk 1:11:29]} 21. Qd2 {[%clk 1:18:06]}  Ne4 {[%clk 1:07:31]} 22. g4 {[%clk 1:17:37]} 1-0